| 000 | 02144nam0a2200361 4500 | ||
|---|---|---|---|
| 001 | RU\NLR\BIBL_A\022250871 | ||
| 005 | 20240807101736.0 | ||
| 010 |
_a978-5-6040883-1-9 _9600 |
||
| 021 |
_aRU _bКН-П-24-025270 _9КН-П-24-2605 |
||
| 035 | _a(NLR Aleph) 022250871 | ||
| 090 |
_a13188908 _c13188908 |
||
| 100 | _a20240613d2018 k y0rusy50 ca | ||
| 101 | 0 | _arus | |
| 102 | _aRU | ||
| 105 | _aa|||z|||100yy | ||
| 181 | 0 |
_ai3 _baxxe |
|
| 182 | 0 | _an | |
| 200 | 1 |
_aПерспективы развития научных исследований в 21 веке _eсборник материалов _eXVI Международная научно-практическая конференция, г. Махачкала, 29 апреля 2018 г. _fООО "Апробация" _gредакционная коллегия: Кутаев Ш. К., д.э.н. [и др.] |
|
| 203 |
_aТекст _bвизуальный _cнепосредственный |
||
| 210 |
_aМахачкала _cАпробация _d2018 |
||
| 215 |
_a105 с. _cил., табл. _d21 |
||
| 300 | _aНа обл. подзаг.: материалы XVI Международной научно-практической конференции, г. Махачкала, 29 апреля 2018 г. | ||
| 320 | _aБиблиогр. в конце ст. | ||
| 606 | 1 |
_aНаучные конференции _yМахачкала, город (Дагестан) _jСборники _2nlr_sh2 _3RU\NLR\AUTH\6601562224 |
|
| 686 | 1 | _aЯ431(2Р-6Д-2М) | |
| 702 | 1 |
_aКутаев _bШ. К. _gШихрагим Кутаевич _4340 |
|
| 711 | 1 | 2 |
_a"Перспективы развития научных исследований в 21 веке", международная научно-практическая конференция _d16 _f2018 _eМахачкала _3RU\NLR\AUTH\880611940 |
| 712 | 0 | 2 |
_a"Апробация", научно-издательский центр _cМахачкала _3RU\NLR\AUTH\8810245013 _4475 |
| 942 | _cBOOK | ||
| 980 | _aNB | ||